Rubik's cube Top 100 - 3x3 single - Statistics

General Stats
  • This quiz has been taken 138 times
    71 since last reset
  • The average score is 20 of 100
Answer Stats
Time Answer Country / Year % Correct
3.13 Max Park USA - 2023
98%
3.47 Yiheng Wang (王艺衡) China - 2024
87%
3.47 Yusheng Du (杜宇生) China - 2018
77%
3.66 Tymon Kolasiński Poland - 2023
67%
4.16 Feliks Zemdegs Australia - 2020
65%
3.44 Luke Garrett USA - 2023
62%
4.00 Ruihang Xu (许瑞航) China - 2024
57%
3.86 Yufang Du (杜昱方) China - 2024
48%
4.34 Kai-Wen Wang (王楷文) Taiwan - 2024
47%
3.59 Matty Hiroto Inaba USA - 2024
47%
4.60 Zixuan Xu (徐子轩) China - 2024
47%
4.62 Bill Wang Canada - 2022
43%
4.58 Kangze Wang (王康泽) China - 2024
43%
3.54 Xuanyi Geng (耿暄一) China - 2024
43%
4.47 Yibo Wang (王奕博) China - 2023
42%
4.60 Yuzhe Wang (王语哲) China - 2024
42%
4.31 Leo Borromeo Philippines - 2023
38%
3.88 Jode Brewster Australia - 2023
37%
4.11 Qixian Cao (曹岂娴) China - 2024
32%
3.95 Bofan Zhang (张博藩) China - 2024
30%
4.32 Sebastian Weyer Germany - 2021
30%
3.46 Aaron Huynh USA - 2024
28%
4.44 Juliette Sébastien France - 2019
28%
3.86 Ryan Pilat USA - 2024
28%
4.11 Sean Patrick Villanueva Philippines - 2023
28%
4.17 Seung Hyuk Nahm (남승혁) South Korea - 2023
28%
4.14 Brennen Lin Canada - 2023
27%
3.79 Caleb Chen USA - 2024
27%
4.24 Patrick Ponce USA - 2019
27%
3.89 Asher Kim-Magierek USA - 2022
25%
4.33 Zhaokun Li (李昭昆) China - 2024
25%
4.59 SeungBeom Cho (조승범) Republic of Korea - 2017
23%
4.26 Kyle Santucci Canada - 2022
22%
4.35 Luke Griesser USA - 2024
22%
4.03 Max Siauw USA - 2022
22%
4.34 Andrey Che Russia - 2024
20%
3.84 Brenton Angelo Lo Wong Philippines - 2023
20%
4.26 Dylan Miller USA - 2024
20%
3.74 Claudio Matias Cancino Bruna Chile - 2024
18%
4.19 Riley Dexter Australia - 2023
18%
4.15 Brendyn Dunagan USA - 2023
17%
4.05 Carson Widjaja USA - 2024
17%
4.42 Firstian Fushada (符逢城) Indonesia - 2022
17%
4.03 Ryan Tan Australia - 2024
17%
4.52 Ben Baron Israel - 2023
15%
4.37 Caio Hideaki Sato Brazil - 2022
15%
4.07 Ianis Costin Chele Romania - 2024
15%
4.02 Natthaphat Mahtani (ณัฐภัทร จี มาทานี) Thailand - 2024
15%
4.33 Ciarán Beahan Ireland - 2023
13%
4.05 Radosław Marcinek Poland - 2023
13%
4.59 Chris Mills United Kingdom - 2022
12%
4.41 David Epstein Australia - 2024
12%
4.08 Sebastian Stone USA - 2024
12%
4.40 Teodor Zajder Poland - 2024
12%
4.29 Toby Seufert Australia - 2024
12%
4.53 Tommy Cherry USA - 2024
12%
4.60 James Alonso United Kingdom - 2023
10%
4.38 Twan Dullemond Netherlands - 2022
10%
4.61 Yezhen Han (韩业臻) China - 2023
10%
4.62 Alexey Tsvetkov Russia - 2024
8%
4.58 Jasper Murray New-Zealand - 2024
8%
4.03 Jerry Yao USA - 2024
8%
4.24 Magdalena Pabisz Poland - 2024
8%
4.32 Nancy Liu USA - 2024
8%
4.38 Nicolás Sánchez USA - 2019
8%
4.65 Olaf Kuźmiński Poland - 2023
8%
4.46 Angel Armando Jaime Sánchez Mexico - 2024
7%
4.61 Brian Johnson USA - 2023
7%
4.65 Christopher Sun USA - 2024
7%
4.38 Dominic Redisi USA - 2022
7%
4.42 Lukas Shelley Denmark - 2021
7%
4.38 Morgan Yeh Canada - 2024
7%
4.24 Agustín Mera Landa Chile - 2024
5%
4.60 Burno Li Chak Kwan (李澤堃) Hong Kong, China - 2023
5%
4.49 Kevin Gerhardt Germany - 2024
5%
4.43 Kim Roger Haraldsen Norway - 2024
5%
4.28 Lingkun Jiang (姜凌坤) China - 2023
5%
4.64 Mika Smulders Netherlands - 2024
5%
4.59 Muyang Liu (刘慕阳) China - 2024
5%
4.63 Richard Delacoste Switzerland - 2022
5%
4.47 Sameer Aggarwal USA - 2023
5%
4.40 Toby Litiatco Philippines - 2023
5%
4.28 Kaichen Huang (黄楷宸) China - 2024
3%
4.50 Kajetan Opach Poland - 2024
3%
4.65 Neo Cuares Philippines - 2024
3%
4.49 Theo Goluboff Argentina - 2024
3%
4.61 Cristian Samuel Carasco Peña Dominican Republic - 2024
2%
4.57 Dylan Baumbach USA - 2024
2%
4.58 Gabriel Rejdych Poland - 2024
2%
4.43 Hao-Jyun Kang (康皓鈞) Chinese Taipei - 2024
2%
4.62 Henry Lichner USA - 2024
2%
4.59 Jakub Kipa Poland - 2018
2%
4.63 Jeremy Bulambot USA - 2024
2%
4.48 Zeke Mackay USA - 2022
2%
4.57 Crimson Arradaza Philippines - 2024
0%
4.56 Eden Robinson-Rechavi France - 2023
0%
4.65 Robert Yomi Cadenas Nuñez Peru - 2022
0%
4.64 Tanzer Balimtas USA - 2018
0%
4.44 Varun Mohanraj USA - 2022
0%
4.38 Yifan Luo (骆奕帆) China - 2024
0%
No matching quizzes found
Score Distribution
Percent of People with Each Score
Percentile by Number Answered
Your Score History
You have not taken this quiz since the last reset